[Event "POL-chT U20"]
[Site "Kudowa Zdroj"]
[Date "2018.07.29"]
[Round "9.22"]
[White "Szydlo, Michal"]
[Black "Marcinczyk, Monika"]
[Result "1/2-1/2"]
[WhiteElo "1697"]
[BlackElo "1891"]
[PlyCount "102"]
[EventDate "2018.07.21"]
[EventType "team-tourn"]
[EventRounds "9"]
[EventCountry "POL"]
[SourceTitle "CBM 186 Extra"]
[Source "ChessBase"]
[SourceDate "2018.08.24"]
[SourceVersion "1"]
[SourceVersionDate "2018.08.24"]
[SourceQuality "1"]

1. e4 c5 2. Nf3 Nc6 3. d4 cxd4 4. Nxd4 g6 5. c4 Bg7 6. Be3 Nf6 7. Nc3 d6 8. Be2 0-0 9. 0-0 Bd7 10. f3 a5 11. Rc1 Nxd4 12. Bxd4 Bc6 13. a3 a4 14. Nd5 Nd7 15. f4 e5 16. fxe5 Bxd5 17. cxd5 Bxe5 18. Bxe5 Nxe5 19. Qd4 Qa5 20. Rf6 Rfd8 21. Rc3 b5 22. h3 Rab8 23. Qb4 Qxb4 24. axb4 Rb6 25. Rf1 Rdb8 26. Ra1 Kf8 27. Rc7 R6b7 28. Rac1 Kg7 29. Kf2 Kf6 30. Rxb7 Rxb7 31. Ke3 Nc4+ 32. Bxc4 bxc4 33. Rxc4 Ke5 34. g3 f5 35. exf5 gxf5 36. g4 fxg4 37. Rxg4 Kxd5 38. Kd3 Rf7 39. Rg5+ Kc6 40. Rh5 Rf2 41. Kc3 Rf3+ 42. Kc2 Rf2+ 43. Kc3 Rf3+ 44. Kc2 d5 45. Rxh7 Kb5 46. Rh4 Rg3 47. Rd4 Rxh3 48. Rxd5+ Kc4 49. Rc5+ Kxb4 50. Rc3 Rxc3+ 51. bxc3+ Kc4 1/2-1/2

[Event "POL-chT U20"]
[Site "Kudowa Zdroj"]
[Date "2018.07.24"]
[Round "4.28"]
[White "Czernek, Tymon"]
[Black "Szydlo, Michal"]
[Result "1-0"]
[WhiteElo "1949"]
[BlackElo "1697"]
[PlyCount "67"]
[EventDate "2018.07.21"]
[EventType "team-tourn"]
[EventRounds "9"]
[EventCountry "POL"]
[SourceTitle "CBM 186 Extra"]
[Source "ChessBase"]
[SourceDate "2018.08.24"]
[SourceVersion "1"]
[SourceVersionDate "2018.08.24"]
[SourceQuality "1"]

1. e4 c5 2. Nf3 d6 3. d3 Nf6 4. g3 g6 5. Bg2 Bg7 6. 0-0 0-0 7. Nbd2 Nc6 8. c3 e5 9. Re1 Rb8 10. a4 a6 11. Nf1 Re8 12. Bg5 h6 13. Be3 Ng4 14. Bd2 b5 15. Ne3 Nf6 16. axb5 axb5 17. Qc1 Kh7 18. b4 cxb4 19. cxb4 Bb7 20. Ra2 d5 21. Nxd5 Nxd5 22. exd5 Nd4 23. Nxd4 exd4 24. Rxe8 Qxe8 25. Ra7 Kg8 26. h4 h5 27. Bf4 Rc8 28. Qd1 Ba8 29. d6 Bc6 30. Bxc6 Qxc6 31. Rc7 Rxc7 32. dxc7 Bf8 33. Qc1 Qxc1+ 34. Bxc1 1-0

[Event "POL-chT U20"]
[Site "Kudowa Zdroj"]
[Date "2018.07.23"]
[Round "3.4"]
[White "Wieczorek, Mikolaj"]
[Black "Szydlo, Michal"]
[Result "0-1"]
[WhiteElo "1651"]
[BlackElo "1697"]
[PlyCount "135"]
[EventDate "2018.07.21"]
[EventType "team-tourn"]
[EventRounds "9"]
[EventCountry "POL"]
[SourceTitle "CBM 186 Extra"]
[Source "ChessBase"]
[SourceDate "2018.08.24"]
[SourceVersion "1"]
[SourceVersionDate "2018.08.24"]
[SourceQuality "1"]

1. e4 c5 2. Nf3 d6 3. d4 cxd4 4. Nxd4 Nf6 5. Nc3 a6 6. Bg5 e6 7. f4 Qc7 8. Bxf6 gxf6 9. Qf3 b5 10. 0-0-0 b4 11. Nce2 h5 12. Qb3 Bb7 13. Qxb4 Bxe4 14. Nc3 Bb7 15. Qa4+ Nd7 16. Rg1 d5 17. g3 Bc5 18. Bh3 0-0-0 19. Rge1 f5 20. Bf1 Qb6 21. Rd3 Qb4 22. Qxb4 Bxb4 23. a3 Bd6 24. Na4 Kb8 25. Rb3 Ka7 26. Rc3 Rc8 27. Nf3 Be7 28. Rxc8 Rxc8 29. Bd3 Bf6 30. b4 Bc6 31. Nb2 Bb5 32. Bxb5 axb5 33. Nd3 Rc3 34. Nfe5 Nxe5 35. fxe5 Bg5+ 36. Kb2 Rc4 37. a4 Bd2 38. Re2 Bxb4 39. axb5 Kb6 40. Nf4 h4 41. Rf2 hxg3 42. hxg3 Bc3+ 43. Kb3 Bxe5 44. Rf3 Bxf4 45. gxf4 Kxb5 46. c3 Kc5 47. Rf1 Re4 48. Rf3 d4 49. Kc2 dxc3 50. Kxc3 Rd4 51. Rf2 Kd5 52. Rf3 Ke4 53. Rh3 Rd7 54. Rh4 Kf3 55. Kc4 Kg3 56. Rh1 Kxf4 57. Rf1+ Ke5 58. Re1+ Kf6 59. Rf1 e5 60. Rf2 f4 61. Rf3 Kf5 62. Rf2 e4 63. Rf1 f3 64. Rf2 Kf4 65. Rf1 e3 66. Kc3 f2 67. Kc2 Kf3 68. Kc3 0-1

[Event "Baltic Cup-B 2nd"]
[Site "Darlowko"]
[Date "2018.07.01"]
[Round "7"]
[White "Zielinski, Andrzej1111"]
[Black "Szydlo, Michal"]
[Result "1-0"]
[WhiteElo "1813"]
[BlackElo "1673"]
[PlyCount "179"]
[EventDate "2018.06.24"]
[EventType "swiss"]
[EventRounds "9"]
[EventCountry "POL"]
[SourceTitle "CBM 187 Extra"]
[Source "ChessBase"]
[SourceDate "2018.11.04"]
[SourceVersion "1"]
[SourceVersionDate "2018.11.04"]
[SourceQuality "1"]

1. d4 Nf6 2. c4 g6 3. Nc3 Bg7 4. e4 d6 5. Be2 0-0 6. Be3 e5 7. d5 Na6 8. h4 Nc5 9. Bf3 a5 10. h5 Ne8 11. hxg6 hxg6 12. Qd2 f5 13. Bh6 f4 14. Bxg7 Nxg7 15. 0-0-0 Bd7 16. Qe2 a4 17. Bg4 Qc8 18. Bxd7 Qxd7 19. Nf3 Qe7 20. Rh6 Rf6 21. Rdh1 Nh5 22. Ng5 Raf8 23. Rh7 Qxh7 24. Nxh7 Kxh7 25. Qd2 Kg7 26. Qc2 Ra8 27. Qd1 Rf7 28. Rh3 Nf6 29. Qc2 Nh5 30. Ne2 f3 31. gxf3 Raf8 32. Qc3 b6 33. b4 axb3 34. axb3 Ra8 35. Kb2 Rff8 36. Qe3 Ra7 37. Qg5 Kf7 38. Qh6 Rfa8 39. Qh7+ Kf6 40. Nc1 Nf4 41. Rg3 Ncd3+ 42. Nxd3 Nxd3+ 43. Kc3 Nf4 44. Qh4+ Kf7 45. Qh7+ Kf6 46. Qh4+ Kf7 47. Rg5 Kg7 48. Rg4 Rf8 49. Qg5 Kf7 50. Rxf4+ exf4 51. Qxf4+ Kg7 52. Qe3 Raa8 53. f4 Rae8 54. e5 Rf5 55. e6 Re7 56. Kd3 Rf8 57. Qd4+ Kg8 58. Qe4 Rf6 59. Qg2 Kg7 60. Qg5 Re8 61. f3 Rf5 62. Qh4 Rf6 63. Ke4 Rf5 64. b4 Rf6 65. c5 bxc5 66. bxc5 Rb8 67. cxd6 cxd6 68. Qe1 Rff8 69. Qc3+ Kh6 70. Qd2 Kg7 71. Qa5 Rb7 72. Qa3 Rd8 73. f5 gxf5+ 74. Kxf5 Rb5 75. Qa7+ Kh6 76. Qd4 Rf8+ 77. Kg4 Rb7 78. Qd2+ Kh7 79. f4 Rg7+ 80. Kf3 Kg6 81. Qg2+ Kh6 82. Qh3+ Kg6 83. Ke4 Ra7 84. f5+ Kg7 85. Qg4+ Kh8 86. Qh5+ Kg8 87. f6 Ra4+ 88. Kf5 Rxf6+ 89. Kxf6 Rf4+ 90. Kg5 1-0

[Event "Bialystok Zamenhof Memorial-C 35th"]
[Site "Bialystok"]
[Date "2017.12.30"]
[Round "7.12"]
[White "Szydlo, Michal"]
[Black "Pytel, Przemyslaw"]
[Result "1/2-1/2"]
[WhiteElo "1598"]
[BlackElo "1870"]
[PlyCount "29"]
[EventDate "2017.12.27"]
[EventType "swiss"]
[EventRounds "9"]
[EventCountry "POL"]
[SourceTitle "EXT 2023"]
[Source "ChessBase"]
[SourceDate "2022.10.05"]
[SourceVersion "1"]
[SourceVersionDate "2022.10.05"]
[SourceQuality "1"]

1. e4 c5 2. Nf3 e6 3. d4 cxd4 4. Nxd4 Nc6 5. Nc3 Qc7 6. Be3 a6 7. Qd2 b5 8. 0-0-0 Nf6 9. Bf4 Qb6 10. Nxc6 Qxc6 11. e5 b4 12. Ne2 Ne4 13. Qe3 Bb7 14. Nd4 Qa4 15. f3 1/2-1/2